All Premier League Teams Ever - Statistics

General Stats
  • This quiz has been taken 117 times
  • The average score is 41 of 51
Answer Stats
Teams Total Seasons % Correct
Liverpool 33
100%
Manchester City 28
100%
Manchester United 33
100%
Chelsea 33
99%
Arsenal 33
97%
Everton 33
97%
Tottenham Hotspur 33
97%
Newcastle United 30
95%
Aston Villa 30
94%
Brighton & Hove Albion 8
94%
Leicester City 18
92%
Leeds United 15
91%
Southampton 25
91%
West Ham United 28
91%
Nottingham Forest 8
88%
Wolverhampton Wanderers 10
88%
Cardiff City 2
87%
Crystal Palace 16
87%
Fulham 18
85%
Sheffield United 6
85%
Blackburn Rovers 18
83%
Ipswich Town 6
83%
Swansea City 7
83%
West Bromwich Albion 13
83%
Bournemouth 8
82%
Burnley 9
82%
Norwich City 10
82%
Sheffield Wednesday 8
82%
Brentford 4
81%
Hull City 5
81%
Queens Park Rangers 7
81%
Sunderland 16
79%
Luton Town 1
78%
Stoke City 10
78%
Birmingham City 7
77%
Portsmouth 7
76%
Derby County 7
74%
Watford 8
74%
Blackpool 1
72%
Bolton Wanderers 13
72%
Middlesbrough 15
69%
Wigan Athletic 8
68%
Huddersfield Town 2
64%
Coventry City 9
63%
Reading 3
63%
Charlton Athletic 8
60%
Wimbledon 8
54%
Bradford City 2
53%
Barnsley 1
51%
Oldham Athletic 2
51%
Swindon Town 1
45%
No matching quizzes found
Score Distribution
Percent of People with Each Score
Percentile by Number Answered
Your Score History
You have not taken this quiz